000 nam a22 7a 4500
999 _c127541
_d127541
008 180220b xxu||||| |||| 00| 0 eng d
050 _aQA276.2.K11
100 _aKageler, Sue
_939495
245 _aAnd now you can do even more statistics
_ba series of short exercises
_cSue Kageler
260 _aHarare
_bUniversity of Zimbabwe Publications
_c2017
300 _a38p. ;
_c19cm.
650 _aStatistics
_xExercises
_939496
942 _2lcc
_cMONOGRAPH